History by Picture - G - Statistics

General Stats
  • This quiz has been taken 42,341 times
  • The average score is 13 of 18
Answer Stats
Picture Hint Answer % Correct
person Mohandas Gandhi
98%
structure Great Wall of China
95%
civilization Greece
95%
device Guillotine
91%
city Giza
80%
type of architechture Gothic
80%
cathedral decoration Gargoyle
79%
event Great Depression
79%
scientist Galileo Galilei
74%
person Genghis Khan
74%
empire {German} Empire
74%
event Gold Rush
72%
person Mikhail Gorbachev
68%
1863 event Battle of {Gettysburg}
65%
Roman region Gaul
64%
material Gunpowder
64%
inventor Johannes Gutenberg
58%
studied by Darwin {Galapagos} Finch
38%
No matching quizzes found
Score Distribution
Percent of People with Each Score
Percentile by Number Answered
Your Score History
You have not taken this quiz